000 00326nam a2200121Ia 4500
008 191201s2012 xx 000 0 und d
100 _aMOHANTY, Biswaranjan
245 0 _aComparative Politics and Political Analysis MA(F)REV
260 _aN. Delhi
_bVikas Pub
_c2012
300 _a288
650 _aGeneral Books
942 _2ddc
_cBK
999 _c247
_d247